00560nam a2200217 a 4500001001300000003000900013005001700022008004100039020002300080082001500103100001600118245004400134260003200178300000900210500003500219505001000254650001300264650002400277650002500301700001600326nice12345678IN_TiNIC20260116013113.0050524s1995 newa grp 000 0 eng  a0570753 c94000a266.2bNEE aNeely, Alan aChristian Missionb Case Study Approach aNew YorkbOrbis Booksc1995 a295p aincludes index and biblioraphy2 aIndex aMissions aChristian-Education aComparative Religion1 aNeely, Alan